000 00211nam a22000857a 4500
008 170116b xxu||||| |||| 00| 0 eng d
100 _92410
_aBhatia.K
245 _aExpressions in Art-7
260 _aNew Delhi
_bN P
_c2009
999 _c5443
_d5443